000 00484nam a22001577a 4500
008 141210b xxu||||| |||| 00| 0 eng d
020 _a9780232527018
050 _aBX2170.L4 H921
100 _aHume, Basil Cardinal
_913279
245 _aA Turning to God
_cCardinal Basil Hume
260 _aLondon
_bDarton, Longman and Todd
_c2007
300 _ax, 95p. ;
_c20cm.
650 _aLent
_xmeditations
_97122
700 _aKelly, Patricia Hardcartle (ed.)
_913611
942 _2lcc
_cMONOGRAPH
999 _c121455
_d121455